000 00867nam a2200229 a 4500
001 000665372
003 AM-YeHGA
005 20250617141737.0
008 090609s1976 ||||||||||||||||||||rus d
040 _aAM-YeHGA
041 0 _arus
245 0 0 _aЛечение генерализованных форм опухолевых заболеваний /
_cПод ред. Н.Н. Блохина, Ш. Экхардта .
260 _aМосква :
_bМедицина,
_c1976.
300 _a389 с. :
_bил.
650 1 4 _aОнкология
650 1 4 _aЗлокачественные опухоли
650 1 4 _aОнкологическая деонтология
650 1 4 _aПротивоопухолевые препараты
700 1 _aБлохин, Николай Николаевич
700 1 _aЭкхардт, Шандор
090 _c245978
999 _c244393
_d244393